Normal view MARC view

Entry Personal Name

Number of records used in: 1

001 - CONTROL NUMBER

  • control field: 265982

003 - CONTROL NUMBER IDENTIFIER

  • control field: OSt

005 - DATE AND TIME OF LATEST TRANSACTION

  • control field: 20260625103302.0

008 - FIXED-LENGTH DATA ELEMENTS

  • fixed length control field: 260625|| aca||aabn | a|a d

040 ## - CATALOGING SOURCE

  • Original cataloging agency: OSt
  • Transcribing agency: OSt

100 ## - HEADING--PERSONAL NAME

  • Personal name: MADHUSUDANA (D P).
  • Dates associated with a name: मधुसूदन (डी. पी.)

670 ## - SOURCE DATA FOUND

  • Source citation: Work cat.: (OSt)106896: MADHUSUDANA (D P). मधुसूदन (डी. पी.), Vaidya shastra dipika., 2003